Statistics for Must Know Geography Knowledge #10

Click here to take the quiz!

General Stats

  • This quiz has been taken 32 times
  • The average score is 7 of 10

Answer Stats

QuestionAnswer% Correct
What is the capital of Norway?Oslo
100%
What is the largest city in Italy?Milan
97%
What is the only country that borders Ireland?United Kingdom
97%
What country owns the island of Aruba?Netherlands
87%
What is the capital of D.R Congo?Kinshasa
73%
What is the most spoken language in Europe?Russian
73%
What is the largest city in China?Guangzhou
67%
What is the worlds largest archipelago?Indonesia
43%
What is the worlds third largest island?Borneo
27%
What country has the highest percentage of black on its flag?Libya
20%

Score Distribution

Percentile by Number Answered

Percent of People with Each Score

Your Score History

You have not taken this quiz